Piłka Nożna - dla Ignacego - Statystyki

Ogólne statystyki
  • Ten quiz został rozwiązany 11 817 razy
  • Średni wynik to 17 z 20
Statystyki odpowiedzi
Opis Odpowiedź % Poprawnych
5-krotny zdobywca Złotej Piłki. Przez całą karierę biega po hiszpańskich boiskach. Messi
98%
Nieprzepisowo strzelił bardzo ważnego gola. Od tamtego czasu gol ten nazywany jest "... Boga". Grał dla m.in.: Napoli czy Barcelony. Maradona
94%
Zawodnik który w 2015 roku został królem strzelców ligi hiszpańskiej, strzelając 48 bramek. Skrzydłowy. Grał dla klubu wyżej. Ronaldo
94%
Klub z rekordową ilością wygranych Lig Misztrzów (13). Jako jedyni zrobili to dwa razy z rzędu. Jako jedyni zrobili to też trzeci raz z rzędu. Real Madryt
93%
Najbardziej utytulowany angielski klub ,z siedzibą w Manchesterze. Manchester United
90%
W grze FIFA, ikona z najwyższą bazową oceną ogólną (98). Jedyny trzykrotny mistrz Świata. Przez całą kariere związany z klubami z Ameryk. Pele
89%
Swojego czasu najdroższy transfer w historii. Środkowy pomocnik. Mistrz świata z 2018 roku. Pogba
88%
Wysoki Holender grający dla Liverpool'u. Piłkarz roku w Anglii 2018/19. van Dijk
88%
Obecny trener i były piłkarz wymienionego wyżej klubu. Zidane
88%
Najlepszy prawy obrońca jakiego Polska wydała na świat. Otworzył akademię (dla klubu w którym gra) w Goczałkowicach-Zdroju. Piszczek
85%
Obecne zaszkoczenie Ligi Mistrzów. Ostatnio pokonali Tottenham 0:1 i zmierzają do finału. Nazywają się niczym pewien płyn czyszczący. Ajax
84%
Młody talent (uznawany za drugiego najlepszego zawdonika młodego pokolenia, tuż za Mbappe) biegający na codzień po Niemieckich boiskach. Na imię ma Jadon i gra z 7. Sancho
81%
Youtuber Jcob jest do niego podobny. Obecny TOP 5 bramkarzy na świecie. Gra dla angielskiej potęgi. De Gea
80%
Rekordowy mistrz Niemiec. Gra w nim łysy który zawsze schodzi na lewą. Bayern Monachium
77%
Piłkarz który nie zmarnuje żadnej "setki" poza boiskiem. Skrzydłowy, obecnie grający dla Wisły Kraków. Peszko
77%
Kraj w którym zapoczątkowano najpiękniejszą dyscyplinę sportową. Anglia
74%
Holenderski geniusz. Grał w Ajaxie czy Barcelonie. Nie żyje od 2016 roku. Johan... Cruyff
74%
Drużyna na którą w 2017 roku przeprowadzono zamach. Nikt nie zginął, ucierpiał tylko Marc Bartra. Borussia Dortmund
72%
"Sam jesteś fatalny. Następny proszę". Wychowanek Świtu NDM obecny gracz Legii. Kucharczyk
65%
Klub który w 2019 roku zdobył puchar Polski. Lechia Gdańsk
61%
Nie znaleziono quizów pasujących do podanych kryteriów
Rozkład punktacji
Procent ludzi z każdym wynikiem
Percentyl według liczby udzielonych odpowiedzi
Twoja historia wyników
Nie rozwiązałeś tego quizu